000 00812nam a2200253 a 4500
008 951027s1990||||[C 0 slo c
020 _a8022201952
_c30 Kčs.
_q(7000 výtl.)
040 _aSNK
_bslo
_cSNK
_eAACR2
041 1 _aslo
_hslo
044 _axo
_cSK
080 _a943.72+943.76"08":929
080 _a943.76"08"
080 _a929
080 _a929
100 1 _aFerko, Milan
_4aut
245 1 0 _aVeľkomoravské záhady
_cMilan Ferko ; Tibor Hrabovský
250 _a1., vyd.
260 _aBratislava
_bTatran
_c1990
_eBanská Bystrica
_fTlačiarne SNP
300 _a191 s., 15,74 AH
_bFot.
_c24 cm
490 0 _aKorene
_vZv. 30.
500 _aLit. 108. Ilustr. na tit. liste a front. 108 zázn. v slov., češ., ruš., nem., franc., angl. a bulh.
700 1 _aHrabovský, Tibor
_4bkd
958 _aA
999 _c10592
_d10592